| 000 | 01892cam a22004094a 4500 | ||
|---|---|---|---|
| 999 |
_c529790 _d529790 |
||
| 001 | 13242272 | ||
| 003 | NUST | ||
| 005 | 20191003112542.0 | ||
| 008 | 030617s2003 dcua bt f000 0 eng d | ||
| 010 | _a 2003108646 | ||
| 020 | _a0309069688 | ||
| 035 | _a(DLC)13242272 | ||
| 038 | _aMSOHAIL | ||
| 040 |
_aCBT _cCBT _dPU _dDLC |
||
| 042 | _alccopycat | ||
| 043 | _an-us--- | ||
| 050 | 0 | 0 |
_aTE228 _b.W55 2003 |
| 082 | 0 | 0 |
_a363.125720973 _222 |
| 100 | 1 |
_aWilson, Eugene M. _q(Eugene Madison), _d1943- _922598 |
|
| 245 | 1 | 0 |
_aRoadway safety tools for local agencies : _ba synthesis of highway practice / _cconsultant, Eugene M. Wilson. |
| 246 | 1 |
_iAt head of title: _aNational Cooperative Highway Research Program |
|
| 260 |
_aWashington, D.C. : _bTransportation Research Board (Business Office, 500 5th St., Washington D.C. 20001), _c2003. |
||
| 300 |
_a168 p. : _bill. ; _c28 cm. |
||
| 490 | 1 |
_aNCHRP synthesis, _x0547-5570 ; _v321 |
|
| 500 | _a"Research sponsored by the American Association of State Highway and Transportation Officials in cooperation with the Federal Highway Administration." | ||
| 504 | _aIncludes bibliographical references (p. 26-30). | ||
| 650 | 0 |
_aTraffic signs and signals _zUnited States _xStates. _922599 |
|
| 650 | 0 |
_aTraffic safety _zUnited States _xStates. _922600 |
|
| 710 | 2 |
_aNational Cooperative Highway Research Program. _920864 |
|
| 710 | 2 |
_aAmerican Association of State Highway and Transportation Officials. _919553 |
|
| 710 | 2 |
_aNational Research Council (U.S.). _bTransportation Research Board. _922601 |
|
| 830 | 0 |
_aSynthesis of highway practice ; _v321. _922602 |
|
| 906 |
_a7 _bcbc _ccopycat _d3 _encip _f20 _gy-gencatlg |
||
| 942 |
_2ddc _cBK |
||